| 000 | 01296nac a22002531u 4500 | ||
|---|---|---|---|
| 010 | _a 2006015541 | ||
| 020 | _a0071459340 (alk. paper) | ||
| 035 | _a(OCoLC)ocm69734383 | ||
| 082 | 0 | 0 |
_a690.8 _bG7381 |
| 090 |
_c3900 _d3900 |
||
| 100 | _aGraham, Derek. | ||
| 245 | 1 | 0 |
_aManaging residential construction projects : _bstrategies and solutions / _cDerek Graham. |
| 260 |
_aNew York : _bMcGraw-Hill,2006 _cc2006. |
||
| 300 |
_axxiv, 554 p. : _bill. ; _c25 cm. |
||
| 504 | _aIncludes bibliographical references and index. | ||
| 505 | 0 | _aMission -- Valuation -- Time -- Building -- Residential Construction Management -- Operations -- Crisis and Siege Management -- Resolving Conflicts: The Art of Negotiation and Survival. | |
| 650 | 0 | _aHouse construction. | |
| 650 | 0 |
_aBuilding _xSuperintendence. |
|
| 856 | 4 | 2 |
_3Contributor biographical information _uhttp://www.loc.gov/catdir/enhancements/fy0659/2006015541-b.html |
| 856 | 4 | 2 |
_3Publisher description _uhttp://www.loc.gov/catdir/enhancements/fy0659/2006015541-d.html |
| 856 | 4 | 2 |
_3Table of contents _uhttp://www.loc.gov/catdir/enhancements/fy0659/2006015541-t.html |
| 942 |
_cBB _k690.8G7381 |
||
| 999 |
_c3900 _d3900 |
||